ბათუმის შოთა რუსთაველის სახელმწიფო უნივერსიტეტის ბიბლიოთეკა

Цандрипш : (ბიბ.ჩანაწერი № 61410)

000 -LEADER
fixed length control field 00705nam a22001577a 4500
005 - DATE AND TIME OF LATEST TRANSACTION
control field 20240307124131.0
008 - FIXED-LENGTH DATA ELEMENTS--GENERAL INFORMATION
fixed length control field 240307s1985 ru ||||| |||| 00| 0 rus d
041 ## - LANGUAGE CODE
Language code of text/sound track or separate title rus
080 ## - UNIVERSAL DECIMAL CLASSIFICATION NUMBER
Universal Decimal Classification number 94(479.224) X-95
100 ## - MAIN ENTRY--PERSONAL NAME
Personal name Хрушкова, Л. Г.
9 (RLIN) 21364
245 ## - TITLE STATEMENT
Title Цандрипш :
Remainder of title Материалы по раннехристианскому строительству в Абхазии /
Statement of responsibility, etc. Л. Г. Хрушкова.
264 ## - PRODUCTION, PUBLICATION, DISTRIBUTION, MANUFACTURE, AND COPYRIGHT NOTICE
Place of production, publication, distribution, manufacture Сухуми:
Name of producer, publisher, distributor, manufacturer "Алашара",
Date of production, publication, distribution, manufacture, or copyright notice 1985.
300 ## - PHYSICAL DESCRIPTION
Extent 128 с.:
Other physical details ил.;
Dimensions 17 cm.
653 ## - INDEX TERM--UNCONTROLLED
keyword მასალები აფხაზეთში ადრექრისტიანული მშენებლობის შესახებ
942 ## - ADDED ENTRY ELEMENTS (KOHA)
Source of classification or shelving scheme
Koha item type წიგნი
ეგზემპლარები
Withdrawn status Lost status Source of classification or shelving scheme Damaged status Not for loan Permanent Location Current Location Shelving location Date acquired Cost, normal purchase price Full call number Barcode Date last seen Copy number Uniform Resource Identifier Price effective from Koha item type Public note
          ბათუმის შოთა რუსთაველის სახელმწიფო უნივერსიტეტის მთავარი ბიბლიოთეკა ბათუმის შოთა რუსთაველის სახელმწიფო უნივერსიტეტის მთავარი ბიბლიოთეკა წიგნსაცავი 2024-03-07 4.00 94(479.224) X-95 65746 2024-03-07 65746 ბსუ-ს საპატიო დოქტორის გურამ ლორთქიფანიძის საჩუქარი 2024-03-07 წიგნი 4 ლ.